Online
Catalog

La política de inmigración de los Estados Unidos / (Record no. 22527)

MARC details
000 -CABECERA
campo de control de longitud fija 00888nam a2200241 u 4500
001 - NÚMERO DE CONTROL
campo de control 000023030
005 - FECHA Y HORA DE LA ÚLTIMA TRANSACCIÓN
campo de control 20200930021937.0
008 - DATOS DE LONGITUD FIJA--INFORMACIÓN GENERAL
campo de control de longitud fija 101124s1989 mx 000 0 spa d
020 ## - NÚMERO INTERNACIONAL ESTÁNDAR DEL LIBRO
Número Internacional Estándar del Libro 9686642498
040 ## - FUENTE DE LA CATALOGACIÓN
Centro catalogador/agencia de origen DO-SdBNP
Lengua de catalogación spa
Centro/agencia transcriptor BNPHU
041 17 - CÓDIGO DE LENGUA
Código de lengua del texto/banda sonora o título independiente spa
Código de lengua original eng
Fuente del código Código de idiomas MARC
082 ## - NÚMERO DE LA CLASIFICACIÓN DECIMAL DEWEY
Número de clasificación 325.173
Número de documento/Ítem P713p
049 ## - FONDOS LOCALES (OCLC)
Fondos de biblioteca BNGR
240 00 - TÍTULO UNIFORME
Título uniforme U. S. inmigration policy.
Lenguaje de la obra Español
245 03 - MENCIÓN DE TÍTULO
Título La política de inmigración de los Estados Unidos /
Mención de responsabilidad, etc. compilación Richard R. Hofstetter ; traducción José Luis González.
260 ## - PUBLICACIÓN, DISTRIBUCIÓN, ETC.
Lugar de publicación, distribución, etc. México, D. F. :
Nombre del editor, distribuidor, etc. Gernika,
Fecha de publicación, distribución, etc. 1989.
300 ## - DESCRIPCIÓN FÍSICA
Extensión 502 p. ;
Dimensiones 21 cm.
534 ## - NOTA SOBRE LA VERSIÓN ORIGINAL
Encabezamiento principal del original Título original en inglés :
Mención de título del original U. S. inmigration policy
651 #4 - PUNTO DE ACCESO ADICIONAL DE MATERIA--NOMBRE GEOGRÁFICO
Nombre geográfico Estados Unidos
Subdivisión general Emigración E Inmigración
9 (RLIN) 291
650 #4 - PUNTO DE ACCESO ADICIONAL DE MATERIA--TÉRMINO DE MATERIA
Término de materia o nombre geográfico como elemento de entrada Política de migración
9 (RLIN) 43642
700 1# - PUNTO DE ACCESO ADICIONAL--NOMBRE DE PERSONA
Nombre de persona González, José Luis,
Término indicativo de función/relación tr.
9 (RLIN) 5327
700 1# - PUNTO DE ACCESO ADICIONAL--NOMBRE DE PERSONA
Nombre de persona Hofstetter, Richard R.,
Término indicativo de función/relación comp.
9 (RLIN) 47380
Holdings
Estado de retiro Estado de pérdida Restricciones de uso No para préstamo Código de colección Localización permanente Ubicación/localización actual Ubicación en estantería Fecha de adquisición Número de inventario Total de préstamos Signatura topográfica completa Código de barras Fecha visto por última vez Precio válido a partir de Tipo de ítem Koha Número de copia
        Monografías: Libros y Folletos General General En catalogación 24.11.2010 LF1   325.173 P713p 23030-10 25.06.2020 25.06.2020 Préstamo en sala  
      Préstamo restrigido Monografías: Libros y Folletos General General En catalogación 24.11.2010 LF1   325.173 P713p 23030-20 25.06.2020 25.06.2020 Préstamo en sala e. 2

Powered by Koha